01275nam a2200277Ia 4500001000700000003000900007005001700016007001500033008004100048020003400089040004400123041000800167100004000175245002200215260008200237300001900319505031400338650003000652650003000682650002900712856007800741942001200819951002200831999001900853952012500872113661DR-UNIBE20250522103034.0cr nn 008mamaa250522b2013 dr ||||| |||| 00| 0 spa d a9789945580143 (electrónico) aBIBLIOTECA UNIBEcBIBLIOTECA UNIBEerda aspa1 aZaldívar, Dionisioeautor919584910aSexualidad humana4 aSantiago de los Caballeros :bUniversidad Abierta para Adultos (UAPA), c20134 a243 páginas a UNIDAD I. INTRODUCCIÓN A LA SEXUALIDAD | UNIDAD II. DESARROLLO DE LA SEXUALIDAD HUMANA | UNIDAD III. CONCEPTO Y FUNCIONES DE LA SEXUALIDAD | UNIDAD IV. ENFERMEDADES DE TRANSMISIÓN SEXUAL (ETS) | UNIDAD V. OBSTÁCULOS EN LA VIDA SEXUAL | UNIDAD VI. ASPECTOS ESPECIALES EN LA SEXUALIDAD |  7aEducación sexual 2lemb 7aSexo (Psicología)2lemb 7a Sexualidad2lemb929775 uhttps://ebookcentral.proquest.com/lib/unibedr/detail.action?docID=6782164 cEB2ddc a20061022 10:18:00 c113662d113662 00102ddc708eTEXTaPrincipalbPrincipald2025-05-22l0pEB0481r2025-05-22 10:25:13tcopias ilimitadasw2025-05-22yEB